駅ナンバリングの番号の総和が100を超える駅 - Statistics

General Stats
  • This quiz has been taken 160 times
    86 since last reset
  • The average score is 5 of 12
Answer Stats
合計 駅名 ナンバリング % Correct
106 大宮 JU07,JS24,JK47,JA26,TD01,NS01
87%
123 横浜 JT05,JO13,JS13,JK12,KK37,TY21,MM01,SO01,B20
80%
101 新宿 JY17,JA11,JS20,JC05,JB10,KO01,OH01,S01,E27,M08
80%
106 大阪 JR-A47,JR-G47,JR-O11,JR-F01
77%
111 小田原 JT16,OH47,OH47,ID01
61%
103 金山 CA66,CF01,NH34,M01,F01
29%
183 伊勢中川 D61,E61,M61
23%
147 尼崎 JR-A49,JR-G49,JR-H49
20%
116 松戸 JJ06,JL22,KS88
14%
116 新鎌ヶ谷 TD30,HS08,KS78
13%
112 宝塚 JR-G56,HK56
7%
110 山田(大阪) HK94,16
1%
No matching quizzes found
Score Distribution
Percent of People with Each Score
Percentile by Number Answered
Your Score History
You have not taken this quiz since the last reset